书目信息 |
| 题名: |
德国旅游Let's go!
|
|
| 作者: | ||
| 分册: | ||
| 出版信息: | 桂林 广西师范大学出版社 2011.01 |
|
| 页数: | 208页 | |
| 开本: | 21cm | |
| 丛书名: | 旅游Let's go! 系列 | |
| 单 册: | ||
| 中图分类: | K951.69 | |
| 科图分类: | ||
| 主题词: | 旅游指南--lu^ you zhi nan--德国 | |
| 电子资源: | ||
| ISBN: | 978-7-5495-0211-0 | |
| 000 | 01196nam0 2200325 45 | |
| 001 | 339170 | |
| 005 | 20150604154706.07 | |
| 010 | @a978-7-5495-0211-0@dCNY48.00 | |
| 100 | @a20121120d2011 em y0chiy50 ea | |
| 101 | 0 | @achi |
| 102 | @aCN@b450000 | |
| 105 | @aa z 001yy | |
| 106 | @ar | |
| 200 | 1 | @a德国旅游Let's go!@Ade guo lu^ you Let's go!@d= Walking in Germany@e德国一本就GO@e旅行逛街超实用宝典@zeng |
| 205 | @a第2013-2014最新全彩版 | |
| 210 | @a桂林@c广西师范大学出版社@d2011.01 | |
| 215 | @a208页@c彩图@d21cm | |
| 225 | 2 | @a旅游Let's go! 系列@Alu^ you Let's go! xi lie |
| 225 | 2 | @a考拉旅行@Akao la lu^ xing@vLG006 |
| 320 | @a有索引 | |
| 330 | @a本书主要内容包括: 国会大厦、大屠杀纪念馆陵园、勃兰登堡门、宪兵广场、柏林墙遗址、菩提树下大街、军械库、博物馆岛、老国家画廊、贝加蒙博物馆等。 | |
| 410 | 0 | @12001 @a旅游Let's go! 系列 |
| 410 | 0 | @12001 @a考拉旅行@vLG006 |
| 510 | 1 | @aWalking in Germany@zeng |
| 517 | 1 | @a德国一本就GO@Ade guo yi ben jiu GO |
| 517 | 1 | @a旅行逛街超实用宝典@Alu^ xing guang jie chao shi yong bao dian |
| 606 | 0 | @a旅游指南@Alu^ you zhi nan@y德国 |
| 690 | @aK951.69@v5 | |
| 801 | 0 | @aCN@b卓展宏图@c20150525 |
| 905 | @dK951.69@e333@f5 | |
| 德国旅游Let's go!= Walking in Germany:德国一本就GO:旅行逛街超实用宝典.-第2013-2014最新全彩版.-桂林:广西师范大学出版社,2011.01 |
| 208页:彩图;21cm.-(旅游Let's go! 系列).-(考拉旅行;LG006) |
| ISBN 978-7-5495-0211-0:CNY48.00 |
| 本书主要内容包括: 国会大厦、大屠杀纪念馆陵园、勃兰登堡门、宪兵广场、柏林墙遗址、菩提树下大街、军械库、博物馆岛、老国家画廊、贝加蒙博物馆等。 |
| ● |
| 相关链接 |
|
|
|
|
正题名:德国旅游Let's go!
索取号:K951.69/333
 
预约/预借
| 序号 | 登录号 | 条形码 | 馆藏地/架位号 | 状态 | 备注 |
| 1 | 859721 | 208597213 | 第二样本阅览室/ [索取号:K951.69/333] | 在馆 | |
| 2 | 859722 | 208597222 | 密集书库-资源管理系/ [索取号:K951.69/333] | 在馆 | |
| 3 | 859723 | 208597231 | 第二借阅区/ [索取号:K951.69/333] | 在馆 | |
| 4 | 859724 | 208597240 | 第二借阅区/ [索取号:K951.69/333] | 在馆 | |
| 5 | 859725 | 208597259 | 第二借阅区/ [索取号:K951.69/333] | 在馆 |